000 00425nam a2200169Ia 4500
001 24720
005 20260414151102.0
008 260414t2019||||xx |||||||||||||| ||spa||
041 _aESP
082 _a345.726
_bP72N
245 0 _aNoveno pleno casatorio civil :
_btorgamiento de escritura pública
260 _c2019
300 _a323 páginas :
_c24 cm.
650 _aDER
654 _aCDE
942 _cLIB
_dJUS
_fJUS
_2ddc
_n
999 _c24720
_d24720